<?xml version="1.0" encoding="UTF-8"?>
<marc:record xmlns:marc="http://www.loc.gov/MARC21/slim">
   <marc:leader>00000nam a2200000 a 4500</marc:leader>
   <marc:datafield ind1="1" ind2=" " tag="100">
      <marc:subfield code="a">Ottenschläger, Madlen</marc:subfield>
      <marc:subfield code="4">aut</marc:subfield>
      <marc:subfield code="e">Verfasser/-in</marc:subfield>
   </marc:datafield>
   <marc:datafield ind1="1" ind2=" " tag="100">
      <marc:subfield code="a">Balmaseda, Marta</marc:subfield>
   </marc:datafield>
   <marc:datafield ind1=" " ind2=" " tag="653">
      <marc:subfield code="a">Bilderbücher</marc:subfield>
   </marc:datafield>
   <marc:datafield ind1=" " ind2=" " tag="653">
      <marc:subfield code="a">Einschlafen</marc:subfield>
   </marc:datafield>
   <marc:datafield ind1=" " ind2=" " tag="653">
      <marc:subfield code="a">Gutenachtgeschichte</marc:subfield>
   </marc:datafield>
   <marc:datafield ind1="0" ind2="0" tag="245">
      <marc:subfield code="a">Mama macht Feierabend</marc:subfield>
   </marc:datafield>
   <marc:datafield ind1="0" ind2="0" tag="245">
      <marc:subfield code="c">Ottenschläger, Madlen</marc:subfield>
   </marc:datafield>
   <marc:datafield ind1=" " ind2="1" tag="264">
      <marc:subfield code="a">Hamburg</marc:subfield>
      <marc:subfield code="b">Carlsen</marc:subfield>
      <marc:subfield code="c">2023</marc:subfield>
   </marc:datafield>
   <marc:datafield ind1=" " ind2=" " tag="250">
      <marc:subfield code="a">Originalausgabe</marc:subfield>
   </marc:datafield>
   <marc:datafield ind1="1" ind2=" " tag="520">
      <marc:subfield code="a">Angaben aus der Verlagsmeldung &#xD;
&#xD;
 Mama macht Feierabend  / von Madlen Ottenschläger&#xD;
&#xD;
&#xD;
            &#xD;
&#xD;
                Eine wunderschöne Gute-Nacht-Geschichte voller Fantasie&#xD;
            &#xD;
            &#xD;
&#xD;
                Es ist schon spät und Mama sagt: „So.“ Anton kann es gar nicht leiden, wenn Mama so sagt. Denn was danach kommt, das weiß Anton ganz genau. Er soll ins Bett, damit Mama in Ruhe Feierabend machen kann. Was soll das denn sein – Feierabend? Und wieso darf er da eigentlich nie mitmachen? Dieses Geheimnis, das ist klar, wird Anton heute Abend lüften! Er wälzt sich hin und her und dann – als Mama schon nicht mehr damit rechnet, steht Anton wieder auf. Verblüfft beobachtet Anton Mama beim Feierabend machen. Mama ist nicht allein! Rosi, Antons Stoffelefant, ist dabei und stellt zusammen mit Mama jede Menge Blödsinn an: Schokokekse essen, Piratenlieder singen, pupsen, Fangen spielen, dass die Dielen wackeln … Anton kann es kaum glauben. Ob er wohl träumt? &#xD;
            &#xD;
            &#xD;
                Die etwas andere Gute-Nacht-Geschichte, in der Traum und Realität verschwimmen&#xD;
                Charmante Idee, zauberhaft umgesetzt&#xD;
                Liebenswert und warmherzig illustriert von Marta Balmaseda </marc:subfield>
   </marc:datafield>
   <marc:datafield ind1=" " ind2=" " tag="020">
      <marc:subfield code="a">9783551519832</marc:subfield>
      <marc:subfield code="9">9783551519832</marc:subfield>
   </marc:datafield>
   <marc:datafield ind1=" " ind2=" " tag="020">
      <marc:subfield code="a">3551519838</marc:subfield>
      <marc:subfield code="9">3551519838</marc:subfield>
   </marc:datafield>
   <marc:datafield ind1=" " ind2=" " tag="041">
      <marc:subfield code="a">ger</marc:subfield>
   </marc:datafield>
   <marc:datafield ind1=" " ind2=" " tag="338">
      <marc:subfield code="a">Band</marc:subfield>
   </marc:datafield>
   <marc:datafield ind1=" " ind2=" " tag="300">
      <marc:subfield code="a">32 Seiten</marc:subfield>
   </marc:datafield>
</marc:record>
